| 000 | 00727nam a22002177a 4500 | ||
|---|---|---|---|
| 005 | 20240108111850.0 | ||
| 008 | 240108b ||||| |||| 00| 0 eng d | ||
| 020 | _a0072284145 | ||
| 040 | _cAL | ||
| 041 | _aeng | ||
| 082 |
_223 _a500.02 _bKRAP |
||
| 100 |
_aKonrad Krauskopf B _9147571 |
||
| 245 | _aPhysical Universe | ||
| 250 | _a9th ed. | ||
| 260 |
_aNew York _bMcGraw Hill _c2000 |
||
| 300 |
_axv,636p. _bPB _c25x20cm. |
||
| 520 | _aScientific Method;Motion;Matter and Enegry;Electricity and Magnetism;Waves; Nucleus;Atom;Periodic Law;Crystals,Ions,and Solutions;Chemical Reactions;Organic Chemistry. | ||
| 650 |
_aPhysical Science _9147587 _2Physical Science |
||
| 700 |
_aBeiser Arthur _9147572 |
||
| 942 |
_2ddc _cBK |
||
| 999 |
_c229584 _d229584 |
||